Wall street : Men and money

Đã lưu trong:
Sonraí Bibleagrafaíochta
Príomhúdar: Mayer, Martin
Formáid: Leabhar
Teanga:Undetermined
Foilsithe: New York Collier Books 1955
Ábhair:
Clibeanna: Cuir Clib Leis
Gan Chlibeanna, Bí ar an gcéad duine leis an taifead seo a chlibeáil!
Thư viện lưu trữ: Trung tâm Học liệu Trường Đại học Cần Thơ
LEADER 00489nam a2200193Ia 4500
001 CTU_99525
008 210402s9999 xx 000 0 und d
082 |a 332.61 
082 |b M468 
100 |a Mayer, Martin 
245 0 |a Wall street : 
245 0 |b Men and money 
245 0 |c Martin Mayer 
260 |a New York 
260 |b Collier Books 
260 |c 1955 
650 |a New York stock exchange 
904 |i Tuyến 
980 |a Trung tâm Học liệu Trường Đại học Cần Thơ